000 00596nam a2200181Ia 4500
003 LK-CoDNM
008 010623t2001 xxu||||| |||| 00| 1 Sanskrit d
040 _aLK-CoDNM
_dLK-CoDNM
_eLK-CoDNM
041 _aSanskrit
_asin
080 _a8-1
_bKAV
100 _aDevananda, Halgastota
_rev
245 _aසුබෝධිනී ව්‍යාඛ්‍යා සහිත කාව්‍යාදර්ශය
246 _aSubodhini vyakya sahitha kavyadarshaya
260 _bSamayawardena
_aColombo
_c2001
300 _b(vi)348, 22.5 cm
700 _aPemarathana, Welivitiye
_rev
942 _cBK
999 _c121612
_d121612